00996nam a2200217Ia 4500003000900000008004100009020001800050040001600068080002200084111009800106245025200204260005800456300001500514490003400529650001800563700002600581710004800607942000700655999001700662952009900679IN-BaIIA211028s9999 xx 000 0 eng d a1-886733-59-7 cIIA Library a082.2:52bASP-139 aGeneral Assembly of the International Astronomical Unionn23rdcJapand1997 Aug. 22-23922912 0aPreserving the astronomical windowsbproceedings of the Joint discussion number 5 of the 23rd general assembly of the IAU held in Kyoto, Japan, 22-23 Aug 1997cedited by S. Isobe and Hirayama, T.  aCaliforniabAstronomical Society of the Pacificc1998 aiii, 243p. aASP conference series; v. 139 aAstronomy980 aIsobe, S., ed.922913 aAstronomical Society of the Pacific 91154 cBK c13029d13029 00104070aBANbBANcGENd1999-06-30l0o082.2:52/ ASP-139p13946r2021-11-05w1999-06-30yBK